Alle Länder in Risiko - Statistiken

Allgemein
  • Dieses Quiz wurde 120 mal gespielt
  • Das Durchschnittsergebnis liegt bei 24 aus 42
Antworten auf der Karte
Die Antworten werden auf der Karte rot bzw. grün angezeigt, abhängig davon wie oft sie richtig erraten wurden.
 
Antwortstatistiken
Nordamerika % Korrekt
Brasilien
87%
Russland
84%
Argentinien
83%
Island
83%
Indien
80%
Peru
80%
China
79%
Südafrika
77%
Grönland
76%
Japan
76%
Madagaskar
76%
Skandinavien
73%
Alaska
72%
Großbritannien
71%
Indonesien
71%
Südeuropa
71%
Ägypten
69%
Westeuropa
68%
Venezuela
65%
Westaustralien
65%
Ostaustralien
64%
Ostafrika
61%
Sibirien
57%
Mittelamerika
55%
Nordeuropa
50%
Zentralafrika
50%
Mongolei
49%
Neuguinea
47%
Ural
45%
Nordafrika
41%
Südostasien
41%
Naher Osten
40%
Ontario
40%
Irkutsk
35%
Kamtschatka
34%
Afghanistan
33%
Nordwest-Territorium
30%
Oststaaten
30%
Weststaaten
30%
Alberta
28%
Jakutien
21%
Ostkanada
14%
Keine übereinstimmenden Quizze gefunden
Verteilung der Resultate
Anzahl Personen mit jedem Resultat
Perzentil nach korrekt beantworteten Fragen
Ihre Resultats-Entwicklung
Sie haben dieses Quiz noch nicht gespielt